LDR 00772naa#a2200205#i#450# 001 EN\\bibl\117828 005 20260605021640.5 011 ## _a2500-4026 100 ## _a20240930b2024####ek#y0engy0150####ca 101 0# _aRUS 102 ## _aRU 200 1# _aCURRENT TRENDS IN THE FREQUENCY OF THUNDERSTORMS OVER SIBERIA AND THE DISPLACEMENT OF THE NORTH MAGNETIC POLE _eJournal article 210 1# _aZheleznogorsk _cFSBEE HE Siberian Fire and Rescue Academy EMERCOM of Russia _d2024 215 ## _a8 с. 608 ## _aJournal article _2local 675 ## _aЛесное хозяйство. Лесоводство. 630 _aОрганизация и управление. 502.45 _zRUS 700 #1 _aKHoloptsev _gA V 700 #1 _aProskova _gN YU 700 #1 _aSHubkin _gR G 856 4# _aapbt-sibpsa.editorum.ru _u